[Event "50th Rilton Cup 2022-23"]
[Site "Stockholm SWE"]
[Date "2022.12.30"]
[Round "4.20"]
[White "Dann, Matthias"]
[Black "Nandhidhaa, P V"]
[Result "1/2-1/2"]
[WhiteTitle "IM"]
[BlackTitle "WGM"]
[WhiteElo "2465"]
[BlackElo "2358"]
[WhiteFideId "24638056"]
[BlackFideId "5050847"]
[EventDate "2022.12.27"]

1. e4 c5 2. Nf3 Nc6 3. d4 cxd4 4. Nxd4 Nf6 5. Nc3 d6 6. Bg5 e6 7. Qd2 Be7 8.
O-O-O a6 9. f3 Nxd4 10. Qxd4 b5 11. h4 Bb7 12. Kb1 Qc7 13. a3 Rc8 14. Qd2 h6 15.
Bxf6 Bxf6 16. Qxd6 Qxd6 17. Rxd6 Ke7 18. Rd3 Rc5 19. Be2 Rhc8 20. Rhd1 R8c7 21.
g3 h5 22. f4 Bxc3 23. Rxc3 Rxc3 24. bxc3 Rxc3 25. Rd3 Rc4 26. Re3 Rxe4 27. Rxe4
Bxe4 28. Bxh5 g6 29. Be2 e5 30. fxe5 Ke6 31. Kc1 Kxe5 1/2-1/2

[Event "50th Rilton Cup 2022-23"]
[Site "Stockholm SWE"]
[Date "2022.12.30"]
[Round "4.21"]
[White "Tanmay, Chopra"]
[Black "Koelle, Tobias"]
[Result "0-1"]
[WhiteTitle "FM"]
[BlackTitle "FM"]
[WhiteElo "2329"]
[BlackElo "2439"]
[WhiteFideId "25630946"]
[BlackFideId "16207378"]
[EventDate "2022.12.27"]

1. e4 c5 2. Nf3 Nc6 3. Bb5 e6 4. Bxc6 bxc6 5. d3 d6 6. e5 Ne7 7. exd6 Nf5 8.
Nbd2 Bxd6 9. Nc4 Be7 10. O-O O-O 11. Nfd2 f6 12. f4 Re8 13. Kh1 Ba6 14. b3 Qc7
15. Bb2 Rad8 16. Qe2 Bf8 17. Rae1 Nd4 18. Qd1 Rd5 19. Re3 Qf7 20. Rg3 Rh5 21.
Ne4 Rd5 22. Ne3 Rdd8 23. f5 exf5 24. Bxd4 cxd4 25. Nxf5 Kh8 26. Qf3 g6 27. Nh4
Bg7 28. Rh3 Kg8 29. Qf2 Qe7 30. g4 Bc8 31. Nxg6 hxg6 32. Qh4 Be6 33. Rxf6 Bxf6
34. Nxf6+ Kg7 35. Nxe8+ Qxe8 36. Qh6+ Kf7 37. Qh7+ Kf6 38. Rf3+ Ke5 39. Qc7+ Kd5
40. Rf4 Qd7 41. Qa5+ c5 42. b4 Ke5 43. Re4+ Kf6 44. g5+ Kf7 45. Rf4+ Kg8 46.
Qxc5 Bd5+ 47. Kg1 Qh3 48. Rf8+ Rxf8 49. Qxd5+ Rf7 50. Qd8+ Kh7 0-1

[Event "50th Rilton Cup 2022-23"]
[Site "Stockholm SWE"]
[Date "2022.12.30"]
[Round "4.22"]
[White "Olsson, William"]
[Black "Wiedenkeller, Michael"]
[Result "1-0"]
[WhiteTitle "FM"]
[BlackTitle "IM"]
[WhiteElo "2290"]
[BlackElo "2435"]
[WhiteFideId "1741721"]
[BlackFideId "1700146"]
[EventDate "2022.12.27"]

1. c4 e5 2. g3 Nf6 3. Bg2 c6 4. Nf3 e4 5. Nd4 Qb6 6. Nb3 a5 7. d3 a4 8. N3d2 d5
9. cxd5 cxd5 10. dxe4 dxe4 11. Nxe4 Nxe4 12. Bxe4 Bb4+ 13. Nc3 O-O 14. Qc2 f5
15. Bg2 Qa6 16. O-O Bxc3 17. Qxc3 Be6 18. Be3 Nc6 19. Rfd1 Qxe2 20. Rd6 Qc4 21.
Qa3 Bf7 22. Rd7 Qb5 23. Bf1 Qe5 24. Rxb7 Bd5 25. Rb5 Qe4 26. Rxd5 Qxd5 27. Bg2
Qe6 28. Qc5 Ne7 29. Bxa8 Rxa8 30. Rd1 Rc8 31. Qd6 Kf7 32. a3 Rc2 33. Qb4 Rc4 34.
Qb5 Re4 35. Rd8 Qc6 36. Qb8 h6 37. h4 f4 38. Rf8+ Kg6 39. Rxf4 Kh7 40. Kh2 Ng6
41. Rxe4 Qxe4 42. Qb4 Qc2 43. Qc3 Qe4 44. Qd4 Qe8 45. Bd2 Qf7 46. Bc3 Ne7 47.
Qe4+ Kg8 48. Kg2 Nf5 49. Kh3 Nd6 50. Qxa4 Qxf2 51. Qf4 Qc5 52. Qe5 Qc8+ 53. Kh2
Qf8 54. Qd5+ Nf7 55. a4 Qe8 56. a5 Qe2+ 57. Qg2 Qc4 58. Qd2 Qa4 59. Qd4 Qc2+ 60.
Kg1 Qc1+ 61. Kf2 Qc2+ 62. Kf3 Qf5+ 63. Ke3 1-0

[Event "50th Rilton Cup 2022-23"]
[Site "Stockholm SWE"]
[Date "2022.12.30"]
[Round "4.23"]
[White "Ram, Aravind L N"]
[Black "Milikow, Elie"]
[Result "1/2-1/2"]
[WhiteTitle "FM"]
[BlackTitle "FM"]
[WhiteElo "2272"]
[BlackElo "2427"]
[WhiteFideId "25033760"]
[BlackFideId "371281868"]
[EventDate "2022.12.27"]

1. e4 c5 2. Nf3 e6 3. d4 cxd4 4. Nxd4 a6 5. Bd3 Bc5 6. Nb3 Ba7 7. Qe2 Nc6 8. Be3
d6 9. c4 Nf6 10. Nc3 O-O 11. O-O e5 12. Bxa7 Rxa7 13. Rfd1 Be6 14. Rac1 b6 15.
Qe3 Nd7 16. Bf1 Nc5 17. Nd5 Nxb3 18. Qxb3 Bxd5 19. cxd5 Nd4 20. Qe3 f5 21. f4
fxe4 22. fxe5 dxe5 23. Qxe4 Qd6 24. Bd3 g6 25. Rf1 Rxf1+ 26. Rxf1 b5 27. Qg4 Kg7
28. Be4 Qc5 29. Kh1 Rf7 30. Rxf7+ Kxf7 31. h4 Qc1+ 32. Kh2 Kf6 33. Qd7 Qf4+ 34.
g3 Qxe4 35. Qd8+ Kg7 36. Qe7+ Kh6 37. Qg5+ 1/2-1/2

[Event "50th Rilton Cup 2022-23"]
[Site "Stockholm SWE"]
[Date "2022.12.30"]
[Round "4.24"]
[White "Vagman, Roy"]
[Black "Sokolovsky, Yahli"]
[Result "0-1"]
[WhiteTitle "FM"]
[BlackTitle "IM"]
[WhiteElo "2255"]
[BlackElo "2415"]
[WhiteFideId "2828995"]
[BlackFideId "2820242"]
[EventDate "2022.12.27"]

1. e4 c5 2. Nf3 Nc6 3. Bb5 e6 4. O-O Nge7 5. Re1 a6 6. Bf1 b6 7. b3 d5 8. exd5
Nxd5 9. Bb2 Nf6 10. g3 Bb7 11. Bg2 Be7 12. d3 O-O 13. Nbd2 Qc7 14. Ne4 Nxe4 15.
Rxe4 Rad8 16. Rg4 f6 17. Qd2 Kh8 18. Nh4 Bd6 19. f4 Ne7 20. Qe2 Bc8 21. Rf1 Rde8
22. Be4 Nf5 23. Qg2 Qf7 24. Qh3 Kg8 25. Nf3 Bb7 26. Ng5 fxg5 27. Rxg5 Bxe4 28.
dxe4 Nd4 29. c3 Nc6 30. Rh5 g6 31. Rh6 c4 32. b4 Qg7 33. e5 Bc7 34. Rd1 b5 35.
Bc1 Bb6+ 36. Kh1 Qb7 37. Qg2 Rd8 38. Re1 Rd3 39. g4 Rfd8 40. Qe4 Rd1 41. Bd2
R8xd2 42. Rxg6+ Kh8 0-1

[Event "50th Rilton Cup 2022-23"]
[Site "Stockholm SWE"]
[Date "2022.12.30"]
[Round "4.25"]
[White "Moksh, Amit Doshi"]
[Black "Lindberg, Bengt"]
[Result "1/2-1/2"]
[WhiteTitle "IM"]
[BlackTitle "IM"]
[WhiteElo "2414"]
[BlackElo "2349"]
[WhiteFideId "25064967"]
[BlackFideId "1700359"]
[EventDate "2022.12.27"]

1. d4 Nf6 2. c4 e6 3. Nf3 d5 4. Nc3 c5 5. cxd5 cxd4 6. Qxd4 exd5 7. Bg5 Be7 8.
e3 O-O 9. Rd1 Be6 10. Bd3 h6 11. Bh4 Qa5 12. Bb1 Qa6 13. Bd3 Qa5 14. Bb1 Qa6 15.
Qd3 Qxd3 16. Bxd3 Nc6 17. h3 Rfd8 18. O-O Rac8 19. Nb5 g5 20. Bg3 Ne4 21. Bc7
Re8 22. Bh2 Bf6 23. Nd2 Nc5 24. Bb1 Red8 25. Nd6 Ra8 26. b3 Be7 27. Nb5 d4 28.
e4 Rac8 29. Rfe1 a6 30. Nc7 Bd6 31. Bxd6 Rxd6 32. Nxe6 Rxe6 33. Nc4 Rce8 34. f3
b5 35. Nb2 Rd8 36. Rc1 Nd7 37. a3 Nce5 38. b4 Rd6 39. Ba2 Kf8 40. Red1 Nb6 41.
Rc5 f6 42. Rdc1 d3 43. Rd1 Rd4 44. Kf2 d2 45. Rc2 Nd3+ 46. Nxd3 Rxd3 47. Ke2
Rxa3 48. Rdxd2 Rxd2+ 49. Kxd2 Ke7 50. Ke2 Nd7 51. Bd5 Ne5 52. Rc7+ Kd6 53. Rb7
Nd7 54. Ra7 Ne5 55. Bb7 Ra2+ 56. Ke3 Ra3+ 57. Kd2 Nc4+ 58. Ke2 a5 59. bxa5 Rxa5
60. Rxa5 Nxa5 61. Bd5 f5 62. Kd3 Ke5 63. g3 fxe4+ 64. Bxe4 Nc4 65. h4 gxh4 66.
f4+ Kf6 67. gxh4 Nd6 68. Bc6 Kf5 69. Kd4 b4 70. Bd5 Kxf4 71. Kc5 Nf5 72. Kxb4
Nxh4 73. Kc3 Nf5 74. Bf7 Nd6 75. Bh5 Kg5 76. Bf3 Ne8 77. Kd3 Nf6 78. Ke3 Ng4+
79. Bxg4 Kxg4 1/2-1/2

[Event "50th Rilton Cup 2022-23"]
[Site "Stockholm SWE"]
[Date "2022.12.30"]
[Round "4.26"]
[White "Acikel, Mert"]
[Black "Percivaldi, Martin"]
[Result "0-1"]
[WhiteTitle "FM"]
[BlackTitle "IM"]
[WhiteElo "2234"]
[BlackElo "2412"]
[WhiteFideId "12956465"]
[BlackFideId "1508148"]
[EventDate "2022.12.27"]

1. e4 e6 2. d4 d5 3. Nd2 Be7 4. Ngf3 Nf6 5. e5 Nfd7 6. Bd3 c5 7. c3 Nc6 8. O-O
g5 9. Nb1 g4 10. Ne1 h5 11. Be3 Qb6 12. b3 Rg8 13. Nc2 f5 14. exf6 Nxf6 15. c4
g3 16. hxg3 cxd4 17. Nxd4 Bc5 18. Nxc6 Bxe3 19. Qf3 Bg5 20. cxd5 bxc6 21. dxc6
e5 22. Re1 Bg4 23. Bg6+ Rxg6 24. Qd3 Kf7 25. Rxe5 Qxc6 26. Na3 Be6 27. Rae1 Re8
28. Nb5 Bd5 29. f4 Rxe5 30. fxe5 Ng4 31. Nd6+ Kg7 32. Qf5 Be3+ 33. Rxe3 Qc1+ 0-1

[Event "50th Rilton Cup 2022-23"]
[Site "Stockholm SWE"]
[Date "2022.12.30"]
[Round "4.27"]
[White "Dobrikov, Marco"]
[Black "Souleidis, Georgios"]
[Result "1/2-1/2"]
[WhiteTitle "FM"]
[BlackTitle "IM"]
[WhiteElo "2228"]
[BlackElo "2410"]
[WhiteFideId "12950378"]
[BlackFideId "4206827"]
[EventDate "2022.12.27"]

1. d4 d5 2. Bf4 c5 3. e3 Nc6 4. c3 Qb6 5. Qb3 c4 6. Qc2 e5 7. dxe5 Bf5 8. Qc1 g5
9. Bxg5 Nxe5 10. Bf4 Nd3+ 11. Bxd3 Bxd3 12. Nf3 Qg6 13. Bg3 Bg7 14. Nbd2 Ne7 15.
Nh4 Qe6 16. Ndf3 Nc6 17. Qd2 b5 18. Ng5 Qe7 19. Nh3 d4 20. Nf4 dxc3 21. bxc3 Rd8
22. Rc1 Ne5 23. Qb2 a6 24. Nf3 Nxf3+ 25. gxf3 Qb7 26. e4 Bh6 27. Nxd3 Rxd3 28.
Rc2 Rxf3 29. O-O O-O 30. Re2 Re8 31. Rfe1 Qc6 32. e5 Rd3 33. e6 Rxe6 34. Rxe6
fxe6 35. Qe2 Bg7 36. Qg4 Rd7 37. h4 Qd5 38. Be5 Kh8 39. Qf4 Qa8 40. Kh2 Qe8 41.
Rg1 Kg8 42. Qh6 Qf8 43. Rg2 Kh8 44. f4 Rf7 45. Rxg7 Rxg7 46. Qxe6 Qd8 47. Bxg7+
Kxg7 48. Qg4+ Kh8 49. Qg3 Qd2+ 50. Kg1 Qc1+ 51. Kg2 Qc2+ 52. Kf1 Qb1+ 53. Kg2
Qxa2+ 54. Kh3 Qc2 55. Qe1 Qf5+ 56. Kg3 Qg6+ 57. Kf3 Qh5+ 58. Kg3 Qg6+ 59. Kf3 h5
60. Qe5+ Kh7 61. f5 Qg4+ 62. Ke3 Qh3+ 63. Ke2 Qxh4 64. Qc7+ Kg8 65. Qc8+ Kg7 66.
Qd7+ Kf8 67. Qc8+ Ke7 68. Qe6+ Kf8 69. Qc8+ 1/2-1/2

[Event "50th Rilton Cup 2022-23"]
[Site "Stockholm SWE"]
[Date "2022.12.30"]
[Round "4.28"]
[White "Zumsande, Martin"]
[Black "Lahdelma, Henri"]
[Result "1/2-1/2"]
[WhiteTitle "IM"]
[BlackTitle "FM"]
[WhiteElo "2465"]
[BlackElo "2332"]
[WhiteFideId "4651324"]
[BlackFideId "510394"]
[EventDate "2022.12.27"]

1. e4 c6 2. d4 d5 3. exd5 cxd5 4. c4 Nf6 5. Nc3 Nc6 6. Nf3 Bg4 7. Be2 dxc4 8. d5
Bxf3 9. Bxf3 Ne5 10. O-O g6 11. Be2 Bg7 12. Bxc4 Nxc4 13. Qa4+ Qd7 14. Qxc4 O-O
15. Bg5 Rfd8 16. Rad1 Qf5 17. Bh4 Rd7 18. Rfe1 Rad8 19. h3 Nxd5 20. Nxd5 Rxd5
21. Rxd5 Qxd5 22. Qxd5 Rxd5 23. Rxe7 Bxb2 24. Rxb7 Be5 25. Bg3 Bxg3 26. fxg3 Ra5
27. Rb2 h5 28. Kh2 Ra3 29. Rd2 Kg7 30. Rf2 f5 31. g4 hxg4 32. hxg4 fxg4 33. Rf4
Rxa2 34. Rxg4 Kf6 35. Rc4 Ra6 36. Kg3 Rb6 37. Ra4 a6 38. Kf4 Ke6 39. Kg5 Kf7 40.
Kh6 Kf6 1/2-1/2

[Event "50th Rilton Cup 2022-23"]
[Site "Stockholm SWE"]
[Date "2022.12.30"]
[Round "4.29"]
[White "Meshkovs, Nikita"]
[Black "Dixit, Nikhil"]
[Result "1-0"]
[WhiteTitle "GM"]
[BlackTitle "FM"]
[WhiteElo "2566"]
[BlackElo "2306"]
[WhiteFideId "11602740"]
[BlackFideId "5059534"]
[EventDate "2022.12.27"]

1. d4 Nf6 2. Bg5 d5 3. Bxf6 exf6 4. e3 Bd6 5. Nd2 O-O 6. Bd3 c6 7. Qf3 Re8 8.
Ne2 Nd7 9. h4 Nf8 10. g4 c5 11. dxc5 Bxc5 12. O-O-O Be6 13. Nb3 Qb6 14. Nc3 Be7
15. Nxd5 Bxd5 16. Qxd5 a5 17. Bc4 Ne6 18. Qb5 Qxb5 19. Bxb5 Red8 20. Rxd8+ Bxd8
21. Rd1 h5 22. gxh5 f5 23. Nd4 Bxh4 24. Nxf5 Bf6 25. Rd7 b6 26. Bc4 Rc8 27. Nd6
Rc6 28. Bd5 Rc5 29. Ne4 Rc8 30. h6 Re8 31. hxg7 Kxg7 32. Nd6 1-0

[Event "50th Rilton Cup 2022-23"]
[Site "Stockholm SWE"]
[Date "2022.12.30"]
[Round "4.30"]
[White "Rakesh, Kumar Jena"]
[Black "Krasenkow, Michal"]
[Result "1-0"]
[WhiteTitle "IM"]
[BlackTitle "GM"]
[WhiteElo "2303"]
[BlackElo "2541"]
[WhiteFideId "5084822"]
[BlackFideId "1113100"]
[EventDate "2022.12.27"]

1. d4 f5 2. Nc3 Nf6 3. Bg5 d5 4. e3 e6 5. h4 a6 6. h5 c5 7. Nf3 Nc6 8. h6 g6 9.
Qd2 Be7 10. dxc5 Bxc5 11. O-O-O O-O 12. Bc4 Bb4 13. a3 Ba5 14. Ba2 b5 15. b4
Nxb4 16. axb4 Bxb4 17. Qd4 Ba3+ 18. Kb1 Bb7 19. g4 fxg4 20. Ne5 Rc8 21. Nxg4 Be7
22. Qe5 Rf7 23. Qxe6 Nxg4 24. Rxd5 Bxd5 25. Bxd5 Qe8 26. Qxg4 1-0

[Event "50th Rilton Cup 2022-23"]
[Site "Stockholm SWE"]
[Date "2022.12.30"]
[Round "4.31"]
[White "Oratovsky, Michael"]
[Black "Kononenko, Dmitry2"]
[Result "1/2-1/2"]
[WhiteTitle "GM"]
[BlackTitle "FM"]
[WhiteElo "2422"]
[BlackElo "2301"]
[WhiteFideId "2802090"]
[BlackFideId "14113538"]
[EventDate "2022.12.27"]

1. e4 c6 2. d4 d5 3. Nd2 dxe4 4. Nxe4 Bf5 5. Ng3 Bg6 6. Nh3 Nf6 7. c3 Nbd7 8.
Nf4 Qc7 9. Bc4 e6 10. h4 O-O-O 11. Nxg6 hxg6 12. Bg5 Nb6 13. Bd3 e5 14. dxe5
Qxe5+ 15. Qe2 Qxe2+ 16. Bxe2 Bc5 17. O-O Be7 18. Rfe1 Rde8 19. Bf3 Bd8 20. Rxe8
Rxe8 21. Kf1 Nfd5 22. Bxd5 cxd5 23. Bxd8 Kxd8 24. Rd1 Rh8 25. Rd4 Ke7 26. Ne2
Kd6 27. g3 Re8 28. Nf4 Re4 29. Rd2 Kc6 30. b3 a5 31. a4 Re5 32. Nd3 Re4 33. f3
Re8 34. Re2 Rxe2 35. Kxe2 Kd6 36. Ke3 Nc8 37. g4 Ne7 38. b4 b6 39. b5 Nc8 40.
Kd4 Ne7 41. Nf4 f6 42. h5 g5 43. Ng2 Kd7 44. f4 gxf4 45. Nxf4 Kd6 46. Ng2 Kd7
47. Nf4 Kd6 48. Ng2 Kd7 49. Ne3 Ke6 50. c4 dxc4 51. Nxc4 Nd5 52. Kd3 Ke7 53. Kd4
Ke6 54. Kd3 Ke7 55. Nd2 Nf4+ 56. Kc4 Kd6 57. Nf3 f5 58. gxf5 Nxh5 59. Kd4 Ng3
60. Nh4 Ne2+ 61. Kd3 Ng3 62. Kd4 Ne2+ 63. Kd3 Ng3 1/2-1/2

[Event "50th Rilton Cup 2022-23"]
[Site "Stockholm SWE"]
[Date "2022.12.30"]
[Round "4.32"]
[White "Richter, Nils"]
[Black "Srinath, Rao S.V."]
[Result "1-0"]
[WhiteTitle "FM"]
[BlackTitle "IM"]
[WhiteElo "2416"]
[BlackElo "2296"]
[WhiteFideId "12990809"]
[BlackFideId "5028876"]
[EventDate "2022.12.27"]

1. Nf3 Nf6 2. c4 g6 3. Nc3 Bg7 4. e4 d6 5. d4 O-O 6. h3 c5 7. Be2 cxd4 8. Nxd4
Nc6 9. Be3 Bd7 10. O-O Nxd4 11. Bxd4 Bc6 12. Qc2 a5 13. Rad1 Qc7 14. Rfe1 Rfc8
15. Qb1 e6 16. b3 h5 17. Bf1 Ne8 18. h4 Bxd4 19. Rxd4 Qb6 20. Rd3 Qc5 21. Rg3
Nf6 22. Be2 Qe5 23. Qc1 Nxe4 24. Bxh5 Qxh5 25. Nxe4 Bxe4 26. Rxe4 Rc5 27. Reg4
Rac8 28. Qf4 R8c6 29. Qf6 Rc7 30. Rg5 Qd1+ 31. Kh2 Kf8 32. h5 Rxg5 33. Rxg5 Rc5
34. hxg6 1-0

[Event "50th Rilton Cup 2022-23"]
[Site "Stockholm SWE"]
[Date "2022.12.30"]
[Round "4.33"]
[White "Bai, Adelard"]
[Black "Shohat, Yotam"]
[Result "1-0"]
[WhiteTitle "FM"]
[BlackTitle "FM"]
[WhiteElo "2411"]
[BlackElo "2294"]
[WhiteFideId "16301188"]
[BlackFideId "2813955"]
[EventDate "2022.12.27"]

1. d4 Nf6 2. c4 g6 3. g3 Bg7 4. Bg2 c5 5. dxc5 O-O 6. Nc3 Qa5 7. Bd2 Qxc5 8. Rc1
d6 9. b4 Qh5 10. h3 g5 11. Nf3 h6 12. g4 Qg6 13. h4 Bxg4 14. hxg5 hxg5 15. Nxg5
Nc6 16. Nd5 Nxd5 17. Bxd5 e6 18. Bf3 f5 19. Bxg4 fxg4 20. Qc2 Rf5 21. Ne4 Re5
22. Ng3 Qxc2 23. Rxc2 Nd4 24. Rc1 Nf3+ 25. Kd1 Nxd2 26. Kxd2 Rf8 27. Ke1 a5 28.
b5 Bf6 29. e3 Rc8 30. Ke2 a4 31. Rhd1 Kf7 32. Rh1 Kg6 33. Kd3 Bg5 34. Ne2 Rf8
35. Rh2 Ref5 36. Rg1 Rxf2 37. Rxf2 Rxf2 38. Rxg4 Kf5 39. Rg1 Bf6 40. Ng3+ Ke5
41. Rh1 d5 42. c5 Be7 43. Rh5+ Kf6 44. Rh6+ Ke5 45. Rh5+ Kf6 46. c6 bxc6 47.
bxc6 Bb4 48. Ne2 Ke7 49. Rh7+ Kd8 50. a3 Be1 51. Rd7+ Kc8 52. Re7 Ba5 53. Rxe6
Kc7 54. Rg6 Rh2 55. Re6 Rg2 56. Rh6 Kb6 57. c7+ Kxc7 58. Ra6 Be1 59. Rxa4 Kd6
60. Rd4 Rh2 61. Rf4 Ba5 62. Rf1 Kc5 63. Rb1 Kd6 64. Rb5 Be1 65. a4 Kc6 66. Nd4+
Kd6 67. Nf3 Ra2 68. Nxe1 Ra3+ 69. Ke2 Ra2+ 70. Kf3 Rd2 71. Kf4 Ra2 72. Rb4 1-0

[Event "50th Rilton Cup 2022-23"]
[Site "Stockholm SWE"]
[Date "2022.12.30"]
[Round "4.34"]
[White "Willow, Jonah B"]
[Black "Shailesh, Dravid"]
[Result "1-0"]
[WhiteTitle "IM"]
[BlackTitle "FM"]
[WhiteElo "2409"]
[BlackElo "2286"]
[WhiteFideId "438804"]
[BlackFideId "25017969"]
[EventDate "2022.12.27"]

1. e4 c5 2. Nf3 d6 3. d4 cxd4 4. Nxd4 Nf6 5. Nc3 Nc6 6. Bg5 e6 7. Qd3 Bd7 8.
O-O-O a6 9. f4 h6 10. Bh4 Be7 11. Be2 Qc7 12. Kb1 Rc8 13. Nf3 Nb4 14. Qd2 b5 15.
a3 Nc6 16. e5 dxe5 17. fxe5 Nd5 18. Nxd5 exd5 19. Bxe7 Nxe7 20. Bd3 a5 21. Nd4
Qb6 22. Qf4 O-O 23. g4 b4 24. axb4 Qxb4 25. g5 Rb8 26. b3 h5 27. Qd2 Qa3 28. g6
fxg6 29. e6 Be8 30. Rhf1 Rxf1 31. Rxf1 a4 32. Rf8+ Kxf8 33. Qf4+ Nf5 34. Bxf5
gxf5 35. Qxb8 axb3 36. cxb3 Qa6 37. Kb2 Qd3 38. Qd6+ Kg8 39. Qxd5 f4 40. Qd8 Kh7
41. Ka3 Bg6 42. e7 Qe3 43. Qd7 Qc1+ 44. Ka2 Qd2+ 45. Ka3 Qa5+ 46. Kb2 Qe5 47.
Ka3 Bf7 48. Nf3 Qc5+ 49. Ka4 Kh6 50. Nd4 Qe5 51. Nf5+ Kg5 52. Nd6 Qd4+ 53. b4
Qd1+ 54. Ka5 Qa1+ 55. Kb5 Qe5+ 56. Ka6 Bg6 57. e8=Q Bxe8 58. Nxe8 f3 59. Nd6
Qe2+ 60. b5 g6 61. Qd8+ Kg4 62. Qc8+ Kf4 63. Qc1+ Ke5 64. Nc4+ Kd4 65. Nd2 f2
66. Nf1 Qe1 67. Qf4+ Kc3 68. Ng3 Kd3 69. Qf3+ Qe3 70. Qd5+ Kc3 71. Qc6+ Kb4 72.
Qd6+ Kc3 73. Qxg6 h4 74. Qf6+ Kc2 75. Qxh4 Qa3+ 76. Kb7 Qf3+ 77. Kb6 Qe3+ 78.
Ka5 Qe1+ 79. Qb4 f1=Q 80. Nxf1 Qxf1 81. b6 1-0

[Event "50th Rilton Cup 2022-23"]
[Site "Stockholm SWE"]
[Date "2022.12.30"]
[Round "4.35"]
[White "Derakhshani, Borna"]
[Black "Mertanen, Janne"]
[Result "1/2-1/2"]
[WhiteTitle "FM"]
[BlackTitle "FM"]
[WhiteElo "2400"]
[BlackElo "2269"]
[WhiteFideId "12518450"]
[BlackFideId "501875"]
[EventDate "2022.12.27"]

1. Nf3 c5 2. b3 Nc6 3. Bb2 Nf6 4. c4 g6 5. g3 Bg7 6. Bg2 O-O 7. O-O d6 8. d4
cxd4 9. Nxd4 Bd7 10. Nc3 Nxd4 11. Qxd4 Bc6 12. Nd5 Ne8 13. Qd2 Bxb2 14. Qxb2 Nc7
15. e4 e5 16. f4 f6 17. fxe5 fxe5 18. Rxf8+ Kxf8 19. Rf1+ Kg7 20. c5 Ne6 21. Qf2
Qf8 22. Qe3 Qd8 23. Qf2 Qf8 24. Qe3 Qd8 25. Qf3 Ng5 26. Qf2 Qf8 27. Qd2 Qd8 28.
cxd6 Ne6 29. Qf2 Qf8 30. Qxf8+ Rxf8 31. Rd1 Rd8 32. Ne3 Ng5 33. Nc4 Nf7 34. Kf2 1/2-1/2

[Event "50th Rilton Cup 2022-23"]
[Site "Stockholm SWE"]
[Date "2022.12.30"]
[Round "4.36"]
[White "Peyrer, Konstantin"]
[Black "Stefanou, Dimitrios"]
[Result "1-0"]
[WhiteTitle "FM"]
[WhiteElo "2380"]
[BlackElo "2266"]
[WhiteFideId "1640879"]
[BlackFideId "25825011"]
[EventDate "2022.12.27"]

1. Nf3 Nf6 2. g3 c5 3. Bg2 g6 4. O-O Bg7 5. c3 d5 6. d4 Nbd7 7. Bf4 O-O 8. Nbd2
b6 9. a4 a6 10. Ne5 Bb7 11. Ndf3 Rc8 12. h4 Ne4 13. Bh3 e6 14. Nd3 Qe7 15. Be3
h6 16. a5 c4 17. Nde5 b5 18. Nxd7 Qxd7 19. Ne5 Qe8 20. h5 g5 21. Kh2 f5 22. Ng6
Rf7 23. f3 Nf6 24. g4 f4 25. Bg1 Nd7 26. Qd2 e5 27. Rae1 e4 28. e3 fxe3 29. Bxe3
Nf8 30. f4 Nxg6 31. hxg6 Rd7 32. f5 Bf6 33. Kh1 Kg7 34. Qh2 Qd8 35. Ra1 Qc7 36.
Qg2 Qd8 37. Bg1 Rc6 38. Bh2 Qe7 39. Bg3 Bc8 40. Rfe1 Rb7 41. Re3 Bd7 42. Qh2 Rc8
43. Bd6 Qd8 44. Bf1 Qh8 45. Rh3 Bc6 46. Be2 Rd7 47. Be5 Rdd8 48. Bxf6+ Kxf6 49.
Qe5# 1-0

[Event "50th Rilton Cup 2022-23"]
[Site "Stockholm SWE"]
[Date "2022.12.30"]
[Round "4.37"]
[White "Trost, Edvin"]
[Black "Ruiz Buendia, Miguel"]
[Result "1/2-1/2"]
[WhiteTitle "FM"]
[BlackTitle "FM"]
[WhiteElo "2380"]
[BlackElo "2257"]
[WhiteFideId "1729519"]
[BlackFideId "24537675"]
[EventDate "2022.12.27"]

1. d4 d5 2. c4 c6 3. Nf3 Nf6 4. e3 Bf5 5. Nc3 e6 6. Nh4 Bg6 7. Nxg6 hxg6 8. Rb1
Nbd7 9. c5 b6 10. b4 bxc5 11. bxc5 Rb8 12. Rxb8 Qxb8 13. Qa4 Qc7 14. Bd2 e5 15.
Ba6 Be7 16. g3 e4 17. Qb3 Nb8 18. Be2 Nbd7 19. O-O O-O 20. Rb1 Rb8 21. Qa4 Rxb1+
22. Nxb1 Ne8 23. Ba5 Qb7 24. Qb3 Qc8 25. Na3 f5 26. Nc2 Nb8 27. Nb4 Kh7 28. Qb1
Kg8 29. Qb3 Kh7 30. Kg2 Bf6 31. h4 Be7 32. Nc2 Nf6 33. Bc3 Bd8 34. Qb4 Ne8 35.
Na1 Nf6 36. Nc2 Ne8 37. Qb1 Nf6 38. Kh2 Qc7 39. Nb4 Qc8 40. Qf1 Qc7 41. Na6 Nxa6
42. Bxa6 Qb8 43. Qd1 Ng4+ 44. Kg2 Bxh4 45. Qe1 Bd8 46. Be2 Nf6 47. Bd1 1/2-1/2

[Event "50th Rilton Cup 2022-23"]
[Site "Stockholm SWE"]
[Date "2022.12.30"]
[Round "4.38"]
[White "Falkevall, Axel"]
[Black "Wagh, Suyog"]
[Result "1-0"]
[WhiteTitle "FM"]
[BlackTitle "FM"]
[WhiteElo "2287"]
[BlackElo "2376"]
[WhiteFideId "1735560"]
[BlackFideId "25071688"]
[EventDate "2022.12.27"]

1. d4 Nf6 2. c4 e6 3. g3 c5 4. d5 exd5 5. cxd5 d6 6. Bg2 g6 7. Nc3 Bg7 8. Nf3
O-O 9. O-O Re8 10. Nd2 a6 11. a4 Nbd7 12. h3 Rb8 13. Nc4 Ne5 14. Na3 Nh5 15. Kh2
f5 16. f4 Nf7 17. Nc4 Bd7 18. a5 Bb5 19. Nxb5 axb5 20. Nb6 Nf6 21. Bf3 c4 22.
Qe1 Qc7 23. g4 fxg4 24. hxg4 g5 25. Qb4 Qc5 26. Qxc5 dxc5 27. fxg5 Ne4 28. Nd7
Rbd8 29. Nf6+ Nxf6 30. gxf6 Bxf6 31. a6 Ra8 32. a7 Be7 33. Kg2 Nd6 34. g5 1-0

[Event "50th Rilton Cup 2022-23"]
[Site "Stockholm SWE"]
[Date "2022.12.30"]
[Round "4.39"]
[White "Park, Evan"]
[Black "Muetsch, Annmarie"]
[Result "1/2-1/2"]
[WhiteTitle "IM"]
[BlackTitle "WIM"]
[WhiteElo "2362"]
[BlackElo "2251"]
[WhiteFideId "30931142"]
[BlackFideId "12971367"]
[EventDate "2022.12.27"]

1. d4 Nf6 2. c4 g6 3. Nc3 Bg7 4. e4 d6 5. Be2 O-O 6. Be3 e5 7. d5 Na6 8. h4 Nc5
9. Qc2 a5 10. Bxc5 dxc5 11. h5 Ng4 12. Nf3 Ra6 13. hxg6 fxg6 14. Bd3 Bh6 15. Qe2
Kg7 16. Kd1 Bf4 17. Kc2 h5 18. Raf1 Raf6 19. Nd1 c6 20. g3 Bh6 21. Nh4 R6f7 22.
a3 Qg5 23. Kb1 Qc1+ 24. Ka2 Qd2 25. Qxd2 Bxd2 26. f3 Nh6 27. Rh2 Bg5 28. Be2
cxd5 29. cxd5 Bd7 30. Nc3 Ng8 31. Ng2 Ne7 32. Ne1 Be3 33. Bb5 Nc8 34. Bxd7 Rxd7
35. Nd3 Re7 36. Nb5 b6 37. d6 Nxd6 38. Nxd6 Rd7 39. Re2 Bh6 40. Nxe5 Rxd6 41.
Nc4 Re6 42. a4 h4 43. gxh4 Rf4 44. Rd2 Rexe4 45. Rd7+ Kg8 46. fxe4 Rxf1 47. Rd6
Kg7 48. Rxb6 Rf4 49. Rb7+ Kg8 50. Re7 Bf8 51. Re5 Rxh4 52. Nxa5 Kf7 53. Nc4 Be7
54. a5 Rh8 55. Nb6 Rb8 56. Ka3 g5 57. Ka4 g4 58. Rf5+ Ke6 59. Rf1 g3 60. Rg1 Bd6
61. Kb5 Bf4 62. Kc6 c4 63. Rg2 Rh8 64. a6 Ke5 65. Re2 Kd4 66. a7 Be3 67. a8=Q
Rxa8 68. Nxa8 Kxe4 69. Rc2 Kf3 70. Nb6 g2 71. Rxg2 Kxg2 72. Nxc4 Bd4 73. b4 Kf3
74. Kd5 Bf2 75. b5 Kf4 76. Nd6 Bb6 77. Nc4 Bf2 78. Ne5 Kf5 79. Nd7 Bg1 80. Nc5
Kf6 81. b6 Ke7 82. Kc6 Bh2 83. b7 Bd6 84. Ne4 Bh2 85. Nc5 Be5 86. Nb3 Bb8 87.
Nd4 Kd8 88. Ne6+ Ke7 89. Nc5 Bh2 90. Kb6 Kd8 91. Ne6+ Kd7 92. Nf8+ Ke7 93. Ng6+
Kd7 94. Nh4 Bg1+ 95. Ka6 Bh2 96. Nf3 Bg3 97. Nd2 Bh2 98. Nb3 1/2-1/2